The economics of African development

محفوظ في:
التفاصيل البيبلوغرافية
المؤلف الرئيسي: Kamarck, Andrew M.
التنسيق: كتاب
اللغة:Undetermined
منشور في: New York Praeger 1971
الموضوعات:
الوسوم: إضافة وسم
لا توجد وسوم, كن أول من يضع وسما على هذه التسجيلة!
Thư viện lưu trữ: Trung tâm Học liệu Trường Đại học Cần Thơ
LEADER 00500nam a2200181Ia 4500
001 CTU_82146
008 210402s9999 xx 000 0 und d
082 |a 330.96 
082 |b K15 
100 |a Kamarck, Andrew M. 
245 4 |a The economics of African development 
245 0 |c Andrew M. Kamarck; Pierre Moussa 
260 |a New York 
260 |b Praeger 
260 |c 1971 
650 |a Economic conditions 
904 |i Trọng Hải 
980 |a Trung tâm Học liệu Trường Đại học Cần Thơ